Fundamentals of economics with agrarian reform, taxation and cooperatives : a modern approach / (Record no. 3090)

MARC details
000 -LEADER
fixed length control field 00797nam a22002417a 4500
003 - CONTROL NUMBER IDENTIFIER
control field OSt
005 - DATE AND TIME OF LATEST TRANSACTION
control field 20240924071527.0
008 - FIXED-LENGTH DATA ELEMENTS--GENERAL INFORMATION
fixed length control field 240924b |||||||| |||| 00| 0 eng d
020 ## - INTERNATIONAL STANDARD BOOK NUMBER
International Standard Book Number 9789710445301
040 ## - CATALOGING SOURCE
Original cataloging agency DWCL-main lib.
Transcribing agency OC
082 ## - DEWEY DECIMAL CLASSIFICATION NUMBER
Classification number Fil. 330 L437f 2008
100 ## - MAIN ENTRY--PERSONAL NAME
Personal name LEAÑO, ROMAN D., JR.
245 ## - TITLE STATEMENT
Title Fundamentals of economics with agrarian reform, taxation and cooperatives : a modern approach /
Statement of responsibility, etc. Roman D., Jr. Leaño, Ronald M. Corpuz
260 ## - PUBLICATION, DISTRIBUTION, ETC.
Place of publication, distribution, etc. Manila :
Name of publisher, distributor, etc. Mindshapers Co., Inc.,
Date of publication, distribution, etc. c2008
300 ## - PHYSICAL DESCRIPTION
Extent iv, 300 pages :
Other physical details illustrations ;
Dimensions 25 cm.
504 ## - BIBLIOGRAPHY, ETC. NOTE
Bibliography, etc. note Includes bibliographical references.
650 ## - SUBJECT ADDED ENTRY--TOPICAL TERM
Topical term or geographic name entry element Economics
650 ## - SUBJECT ADDED ENTRY--TOPICAL TERM
Topical term or geographic name entry element CARP
650 ## - SUBJECT ADDED ENTRY--TOPICAL TERM
Topical term or geographic name entry element Taxation
650 ## - SUBJECT ADDED ENTRY--TOPICAL TERM
Topical term or geographic name entry element Cooperatives
700 ## - ADDED ENTRY--PERSONAL NAME
Personal name Corpuz, Ronald M.
942 ## - ADDED ENTRY ELEMENTS (KOHA)
Source of classification or shelving scheme Dewey Decimal Classification
Koha item type Book-Filipiniana
Call number prefix Fil. 330 L437f 2008
Suppress in OPAC Yes
952 ## - LOCATION AND ITEM INFORMATION (KOHA)
--
Holdings
Withdrawn status Lost status Source of classification or shelving scheme Damaged status Not for loan Home library Current library Shelving location Date acquired Source of acquisition Cost, normal purchase price Total Checkouts Full call number Barcode Date last seen Copy number Price effective from Koha item type Uniform Resource Identifier
    Dewey Decimal Classification     College Library College Library Filipiniana 06/22/2009 Donation 0.00   Fil. 330 L437f 2008 46669 09/24/2024 c1 09/24/2024 BK - FIL